Skład mistrzów świata z 2006 roku. - Statystyki

Ogólne statystyki
  • Ten quiz został rozwiązany 101 razy
  • Średni wynik to 7 z 11
Statystyki odpowiedzi
# Zawodnik pozycja % Poprawnych
1 Gianluigi Buffon BR
100%
21 Andrea Pirlo ŚP
87%
5 Fabio Cannavaro ŚO
87%
10 Francesco Totti ŚPO
69%
19 Gianluigi Zambrotta PO
68%
23 Marco Materazzi ŚO
66%
8 Gennaro Gattuso ŚP
64%
9 Luca Toni N
60%
3 Fabio Grosso LO
52%
16 Mauro Camoranesi PP
39%
20 Simone Perrotta LP
24%
Nie znaleziono quizów pasujących do podanych kryteriów
Rozkład punktacji
Procent ludzi z każdym wynikiem
Percentyl według liczby udzielonych odpowiedzi
Twoja historia wyników
Nie rozwiązałeś tego quizu